Normal view
MARC view
- SUCCESS IN BUSINESS LEADERSHIP
Entry Topical Term
001 - CONTROL NUMBER
- control field: 74520
003 - CONTROL NUMBER IDENTIFIER
- control field: NUST
005 - DATE AND TIME OF LATEST TRANSACTION
- control field: 20210628205233.0
008 - FIXED-LENGTH DATA ELEMENTS
- fixed length control field: 210628|| aca||aabn | a|a d
040 ## - CATALOGING SOURCE
- Original cataloging agency: NUST
- Transcribing agency: NUST
150 ## - HEADING--TOPICAL TERM
- Topical term or geographic name entry element: SUCCESS IN BUSINESS LEADERSHIP
670 ## - SOURCE DATA FOUND
- Source citation: Work cat.: (NUST): Farkas, C. M Philippe, De Backer 74519, Maximum leadership five strategic for success from the worlds leading ceo's, 1996
